Score 0/24 Timer 03:00
2 Plays Today
Musical Title Missing Word % Correct
The Phantom of the _____Opera
96.9%
_____ on the RoofFiddler
94.5%
Guys and _____Dolls
94.3%
Annie Get Your _____Gun
92%
_____ Me, KateKiss
90.2%
Bye Bye _____Birdie
84.9%
The Book of _____Mormon
83.1%
South _____Pacific
80.8%
A _____ LineChorus
78.9%
_____ BoysJersey
78.2%
_____/VictoriaVictor
77.4%
_____ QAvenue
74.6%
Musical Title Missing Word % Correct
Damn _____Yankees
73.4%
_____ Modern MillieThoroughly
66.7%
A _____ Night MusicLittle
57.6%
Starlight _____Express
55.2%
Into the _____Woods
53.4%
The _____ Molly BrownUnsinkable
48.2%
Hedwig and the Angry _____Inch
46.5%
_____ AwakeningSpring
45.5%
The Pirate _____Queen
42.2%
Finian's _____Rainbow
36.7%
In the _____Heights
34.8%
Next to _____Normal
31.6%

Today's Daily Dose

Remove Ads.
Support Sporcle.
Get the best of Sporcle when you Go Orange. This ad-free experience offers more features, more stats, and more fun while also helping to support Sporcle. Thank you for becoming a member.

You're not logged in!

Compare scores with friends on all Sporcle quizzes.
OR
Log In

Show Comments

Extras

Top Quizzes Today


Score Distribution

Your Account Isn't Verified!

In order to create a playlist on Sporcle, you need to verify the email address you used during registration. Go to your Sporcle Settings to finish the process.

Report this User

Report this user for behavior that violates our Community Guidelines.

Details: